One Piece- Les fruits de type Paramecia connus - Statistiques

Statistiques générales
  • Ce quiz a été pris 54 fois
  • Le résultat moyen est 54 sur 91
Statistiques - réponses
Fruits du Démon de type Paramecia % Correct
Fruit du Gum-Gum
91%
Fruit de la Barrière
82%
Fruit de la Fragmentation
82%
Fruit des Fils
82%
Fruit du Riz Gluant
82%
Fruit du Tremblement
82%
Travesti-Fruit
82%
Fruit de l'Age
77%
Fruit des Eclosions
77%
Fruit du Château
77%
Fruit du Son
77%
Ciro-Fruit
73%
Fruit de la Résurrection
73%
Fruit de l'Invisibilité
73%
Fruit de l'Ombre
73%
Fruit des Coussinets
73%
Fruit du Bistouri
73%
Fruit du Portier
73%
Fruit Kilo-Kilo
73%
Fruit de la Paille
68%
Fruit de la Rouille
68%
Fruit de l'Ectoplasme
68%
Fruit du Livre
68%
Fruit du Venin
68%
Fruit Glisse-Glisse
68%
Fruit Tailladant
68%
Magnéto-Fruit
68%
Fruit Boum-Boum
64%
Fruit Bubulle
64%
Fruit de la Caillasse
64%
Fruit de la Cisaille
64%
Fruit de la Passion
64%
Fruit de la Pelisse
64%
Fruit de la Poche
64%
Fruit de l'Art
64%
Fruit de la Téléportation
64%
Fruit des Ames
64%
Fruit des Hormones
64%
Fruit des Souvenirs
64%
Fruit du Barbotage
64%
Fruit du Miroir
64%
Fruit du Ressort
64%
Armo-Fruit
59%
Fruit de la Couture
59%
Fruit de la Cuisson
59%
Fruit de la Force
59%
Fruit des Baies
59%
Fruit des Roues
59%
Fruit du Gigantisme
59%
Fruit du Lavage
59%
Fruit du Pinceau
59%
Fruit du Poisse-Poisse
59%
Fruit du Presse-Presse
59%
Fruit du Vol-au-vent
59%
Fruit Ramollo
59%
Fruit de la Crème
55%
Fruit de la Guérison
55%
Fruit de la Lampe
55%
Fruit de la Sourdine
55%
Fruit de l'Oursin
55%
Fruit des Tonnes
55%
Fruit des Vêtements
55%
Fruit du Beurre
55%
Fruit du Biscuit
55%
Fruit du Cuistot
55%
Fruit du Glouton
55%
Fruit du Joujou
55%
Fruit du Paf-Paf
55%
Fruit du Scintillement
55%
Fruit du Temps
55%
Fruit de la Maladie
50%
Fruit de l'Ile
50%
Fruit du Dans-le-mille
50%
Fruit du Regard
50%
Fruit du Rouleau
50%
Fruit du Tournis
50%
Fruit du Ciboulot
45%
Fruit du Pêle-Mêle
45%
Fruit du Pousse-Pousse
45%
Fruit Constricteur
41%
Fruit de l'Exaltation
41%
Fruit du Fouet
41%
Fruit du Glouglou
41%
Fruit du Millet
41%
Fruit de la Léchouille
36%
Fruit de la Pesanteur
36%
Fruit Flottant
36%
Fruit de la Conduite
32%
Fruit de la Maturation
32%
Fruit du Canon de fusil
32%
Fruit d'Urouge
27%
Aucun quiz correspondant
Distribution des résultats
% des personnes avec chaque résultat
Percentile par nombre de réponses
Votre historique - résultats
Vous n’avez pas pris ce quiz